10 Największych Sieci Handlowych w Polsce - Statystyki

Ogólne statystyki
  • Ten quiz został rozwiązany 346 razy
  • Średni wynik to 7 z 10
Statystyki odpowiedzi
Miejsce Przemysł Sieć Handlowa % Poprawnych
#01 Spożywczy (Supermarket) Biedronka
99%
#02 Spożywczy (Supermarket) Lidl
96%
#09 Spożywczy Żabka
76%
#07 Spożywczy (Supermarket) Carrefour
70%
#08 Kosmetyczny Rossmann
70%
#06 Spożywczy (Supermarket) Kaufland
68%
#10 Budowlany Castorama
67%
#05 Spożywczy (Supermarket) Tesco
64%
#04 Spożywczy (Supermarket) Auchan
59%
#03 Spożywczy Eurocash
3%
Nie znaleziono quizów pasujących do podanych kryteriów
Rozkład punktacji
Procent ludzi z każdym wynikiem
Percentyl według liczby udzielonych odpowiedzi
Twoja historia wyników
Nie rozwiązałeś tego quizu